Tous les sommets de plus de 4000m en Suisse - Statistiques

Statistiques générales
  • Ce quiz a été pris 124 fois
  • Le résultat moyen est 15 sur 47
Réponses sur la Carte
Les réponses sont colorées sur une échelle allant du rouge au vert en fonction du pourcentage des utilisateurs qui les ont devinées à leur premier essai. Vous pouvez retrouver ces pourcentages ci-dessous.
 
Statistiques - réponses
Altitude Réponse % Correct
4478 m Cervin
97%
4634 m Dufourspitze
85%
4158 m Jungfrau
65%
4505 m Weisshorn
65%
4357 m Dent Blanche
57%
4314 m Grand Combin
57%
4049 m Piz Bernina
57%
4107 m Mönch
50%
4221 m Zinalrothorn
48%
4164 m Breithorn
47%
4545 m Dom des Mischabel
45%
4092 m Pollux
45%
4228 m Castor
43%
4171 m Dent d'Hérens
42%
4027 m Allalinhorn
40%
4527 m Liskamm oriental
40%
4491 m Täschhorn
40%
4063 m Ober Gabelhorn
37%
4193 m Aletschhorn
33%
4153 m Bishorn
33%
4023 m Weissmies
33%
4274 m Finsteraarhorn
32%
4206 m Alphubel
30%
4327 m Nadelhorn
27%
4554 m Signalkuppe
27%
4184 m Combin de Valsorey
25%
4609 m Nordend
25%
4010 m Lagginhorn
22%
4199 m Rimpfischhorn
22%
4078 m Schreckhorn
22%
4190 m Strahlhorn
22%
4294 m Lenzspitze
20%
4141 m Breithorn oriental
18%
4141 m Combin de la Tsessette
18%
4481 m Liskamm occidental
18%
4160 m Breithorn central
17%
4043 m Gross Grünhorn
17%
4042 m Lauteraarhorn
17%
4035 m Dürrenhorn
15%
4048 m Gross Fiescherhorn
15%
4432 m Pointe Parrot
13%
4025 m Hinter Fiescherhorn
10%
4563 m Zumsteinspitze
10%
4106 m Breithornzwillinge
8%
4219 m Hohberghorn
8%
4341 m Ludwigshöhe
8%
4241 m Stecknadelhorn
8%
Aucun quiz correspondant
Distribution des résultats
% des personnes avec chaque résultat
Percentile par nombre de réponses
Votre historique - résultats
Vous n’avez pas pris ce quiz